000 00824nam a2200265Ia 4500
003 OSt
005 20220925225504.0
006 a|||||r|||| 00| 0
007 ta
008 220923b |||||||| |||| 00| 0 eng d
020 _a0803937105
037 _cGeneral Book
040 _aRTL
_cRTL
_beng
041 _2eng
_aeng
082 _aY58:3(X:328).5.N8, N0
100 _aWaldinger Roger and others
_9292537
245 0 _aEthnic entrepreneurs
_b Immigrant business in Industrial socities
260 _aLondon
_bSage Publications
_c1990
300 _a226p
_ccm.
490 _aSage Series on Race adn Ethnic Relations,1
500 _aBibiliogaraphy P 199-214
650 _aMinorities
942 _hY58:3(X:328).5.N8, N0
_cGB
_2CC
999 _c583651
_d583651